000 00756nam a2200205Ia 4500
003 GCL
008 140319s9999 xx 000 0 ara d
020 _a547208977
040 _aGCL /
_cGCL
082 0 4 _a225.203
_bع ق
100 1 _aعصام الدين عبدالله
245 1 0 _aقاموس الجيب القرانى :
_bعربى - انجليزى \ انجليزى عربى لمعانى مفردات ومصطلحات النص القرانى /
_cعصام الدين عبدالله
250 _aالاولى
260 _aالقاهرة :
_bمكتبة مدبولى ،
_c2006
300 _a570 ص ؛
_c16 سم
650 0 4 _aالقران - معاجم
650 0 4 _aالقران - الفاظ
650 0 4 _aالقران - علوم
942 _2ddc
_cBK
999 _c7972
_d7972